Language Quiz

Random Language or Spanish Quiz

Spanish 3 unit 2: family and marriage Quiz Stats

 Plays Quiz not verified by Sporcle

Support Sporcle.
Go Orange.
Score 0/36 Timer 20:00
0 Plays Today
% Correct
civil union
87.2%
coma
87.2%
tenga
86.2%
bailes
86.2%
to separate
85.1%
mother
85.1%
grandpa
84%
to divorce
84%
stepsister
83%
usen
83%
pet
81.9%
uncle
80.9%
wedding
80.9%
dog
80.9%
brother
79.8%
to propose
79.8%
vivamos
79.8%
pase
79.8%
% Correct
cousin
78.7%
sea
78.7%
esté
78.7%
to be pregnant
76.6%
to care for a child
75.5%
stepdad
74.5%
marriage
74.5%
honeymoon
73.4%
nephew
70.2%
engagement
70.2%
to give birth
69.1%
to get married
69.1%
father in law
68.1%
vaya
68.1%
grandson
67%
vayan
66%
brother in law
62.8%
fiance
61.7%

You're not logged in!

Compare scores with friends on all Sporcle quizzes.
OR
Log In

From the Vault

'All Star' Lyrics

by PutUpOrShutUp

Hello, the late '90s called and they just wanted this song to get stuck in your head. Again.
Remove Ads.
Support Sporcle.
Get the best of Sporcle when you Go Orange. This ad-free experience offers more features, more stats, and more fun while also helping to support Sporcle. Thank you for becoming a member.

Show Comments

Extras

Top Quizzes Today


Score Distribution

Your Account Isn't Verified!

In order to create a playlist on Sporcle, you need to verify the email address you used during registration. Go to your Sporcle Settings to finish the process.

Report this User

Report this user for behavior that violates our Community Guidelines.

Details: